000 00818nam a2200229 i 4500
001 6046
003 ES-MaACL
005 20250808084007.0
007 t|
008 890706s1988 sp ||||1| spa d
080 _a728.81(46)
080 _a34(46)"12"
100 1 _aMuñoz Ruano, Juan.
_984493
245 1 4 _aLos "Castiellos et las fortalezas" en el ordenamiento juridico de las Partidas /
_cJuan Muñoz Ruano.
260 _aToledo :
_b[s.n.],
_c1988.
300 _aP. 123-141 ;
_c22 cm.
595 _aSeparata de: Boletín de la Real Academia de Bellas Artes y Ciencias Históricas de Toledo, n. 22 (1988)
650 1 4 _aCastillos-
_zEspaña.
_910828
650 1 7 _aDerecho-
_zCastilla (Reino)
_2
_9165029
852 _aES-MaACL
_j2143-F-11
_z. - Dedicatoria autógrafa del autor
999 _c6046
_d6046